[Event "Gladbeck- Brackel 3"]
[Site "?"]
[Date "2023.04.16"]
[Round "7.5"]
[White "Al Tarboush, Hussam"]
[Black "Rickert, Stefan"]
[Result "1-0"]
[WhiteElo "2053"]
[BlackElo "2031"]
[PlyCount "85"]
[SourceDate "2022.10.02"]

1. e4 d5 2. exd5 Nf6 3. d4 Nxd5 4. c4 Nf6 5. Nc3 g6 6. Nf3 Bg7 7. Be2 O-O 8.
O-O c6 9. h3 Qc7 10. Be3 Re8 11. Qd2 Nfd7 12. Rac1 e5 13. d5 Na6 14. Ng5 h6 15.
Nge4 Kh7 16. dxc6 bxc6 17. Nd6 Rf8 18. Rfd1 Ndc5 19. b4 Ne6 20. b5 Nac5 21.
bxc6 Nd4 22. Bxd4 exd4 23. Ncb5 Qe7 24. Bf3 a6 25. Nxc8 Raxc8 26. Nxd4 Rfd8 27.
Qe2 Qxe2 28. Nxe2 Nd3 29. Rb1 Ne5 30. Bd5 Nxc6 31. Bxf7 Rf8 32. Bd5 Ne5 33. Nd4
Bf6 34. Ne6 Rfe8 35. c5 Nc6 36. Rb6 Ne7 37. Bb3 Nc6 38. Rxa6 h5 39. Rd6 Nb4 40.
Ra7+ Kh6 41. Rdd7 g5 42. a3 Nc6 43. Rh7+ 1-0

[Event "Gladbeck- Brackel 3"]
[Site "?"]
[Date "2023.04.16"]
[Round "7.6"]
[White "Rickert, Dirk"]
[Black "Bense, Dirk"]
[Result "1-0"]
[WhiteElo "2116"]
[BlackElo "1990"]
[PlyCount "107"]
[SourceDate "2022.10.02"]

1. d4 Nf6 2. Nf3 g6 3. c4 Bg7 4. Nc3 O-O 5. e4 d6 6. Be3 h6 7. Qd2 Ng4 8. Bf4
Kh7 9. h3 Nf6 10. g4 c5 11. d5 b5 12. g5 b4 13. gxf6 bxc3 14. Qxc3 exf6 15.
O-O-O Re8 16. Re1 a5 17. Bd3 a4 18. Qc2 Na6 19. a3 Rb8 20. Qxa4 f5 21. e5 dxe5
22. Bxe5 Bxe5 23. Nxe5 Qg5+ 24. Kc2 Re7 25. Nc6 Rxe1 26. Rxe1 Rxb2+ 27. Kxb2
Qd2+ 28. Bc2 Qxe1 29. Qa5 Qe8 30. f4 Kg7 31. Qc3+ f6 32. Qa5 g5 33. fxg5 hxg5
34. Qb6 f4 35. Nd8 Qe5+ 36. Ka2 Qc7 37. Ne6+ Bxe6 38. Qxe6 Nb8 39. Qf5 Qe5 40.
Qh7+ Kf8 41. Bg6 Qe2+ 42. Kb3 Qd1+ 43. Bc2 Qf3+ 44. Ka4 Qc3 45. Bd3 Nd7 46. d6
Ne5 47. d7 Nc6 48. Qh8+ Kf7 49. Qe8+ Kg7 50. d8=Q Nxd8 51. Qxd8 f3 52. Qc7+ Kf8
53. Qc8+ Kf7 54. Qb7+ 1-0

[Event "Gladbeck- Brackel 3"]
[Site "?"]
[Date "2023.04.16"]
[Round "7.7"]
[White "Seref, Serkan"]
[Black "Huttny, Georg"]
[Result "1-0"]
[WhiteElo "1747"]
[BlackElo "1808"]
[PlyCount "41"]
[SourceDate "2022.10.02"]

1. Nf3 g6 2. g3 Bg7 3. d4 c5 4. c4 cxd4 5. Nxd4 Nc6 6. Nc2 Nf6 7. Bg2 O-O 8.
Nc3 d6 9. O-O Qd7 10. Rb1 b6 11. b3 Bb7 12. Bb2 Rac8 13. e4 Qg4 14. Bf3 Qe6 15.
Re1 Ne5 16. Bg2 Rfd8 17. f4 Nc6 18. Nd5 Qd7 19. Nce3 Nxd5 20. exd5 Bxb2 21.
dxc6 1-0

[Event "Gladbeck- Brackel 3"]
[Site "?"]
[Date "2023.04.16"]
[Round "7.8"]
[White "Busch, Udo"]
[Black "Strathoff, Dirk"]
[Result "0-1"]
[WhiteElo "1781"]
[BlackElo "1882"]
[PlyCount "66"]
[SourceDate "2022.10.02"]

1. d4 d5 2. c4 c6 3. cxd5 cxd5 4. Nf3 Nf6 5. Nc3 Nc6 6. Bf4 a6 7. e3 g6 8. Rc1
Bg7 9. Bd3 h6 10. O-O Nh5 11. Be5 Nxe5 12. Nxe5 Qd6 13. Qf3 Nf6 14. Rfd1 O-O
15. e4 dxe4 16. Nxe4 Nxe4 17. Qxe4 Bf5 18. Qe3 Bxd3 19. Rxd3 Rac8 20. f4 Rfd8
21. Rc5 Rxc5 22. dxc5 Qc7 23. Rxd8+ Qxd8 24. Qd3 Qc7 25. Qd5 e6 26. Qd6 Qa5 27.
Kf2 Bf8 28. Qb8 Qxc5+ 29. Kg3 Qe3+ 30. Kg4 f5+ 31. Kh4 Qxf4+ 32. Kh3 g5 33. Nd7
Qg4# 0-1

[Event "Buer-Hassel - Rochade Rüttenscheid 1"]
[Site "?"]
[Date "2023.04.16"]
[Round "7.1"]
[White "Michalek, Christoph"]
[Black "Griebl, Joern"]
[Result "0-1"]
[WhiteElo "2183"]
[BlackElo "2249"]
[PlyCount "140"]
[SourceDate "2022.10.02"]

1. c4 e5 2. Nc3 Nc6 3. g3 d6 4. Bg2 g6 5. e4 Be6 6. d3 Bg7 7. Nge2 Qd7 8. Nd5
f5 9. exf5 Bxf5 10. O-O Nf6 11. Nxf6+ Bxf6 12. Re1 O-O 13. Be3 Rae8 14. a3 Bg7
15. Qd2 Bg4 16. Nc3 Bf3 17. Nd5 Bxg2 18. Kxg2 Ne7 19. Qa5 Qc6 20. Kg1 b6 21.
Nxe7+ Rxe7 22. Qd2 Ref7 23. Rac1 Qf3 24. Rc2 Qg4 25. Qe2 Rf3 26. Kg2 h5 27. h3
Qf5 28. Rd2 g5 29. Rf1 g4 30. h4 Kh7 31. Bg5 Bh6 32. Bxh6 Kxh6 33. Qe4 Qxe4 34.
dxe4 Rb3 35. Rc1 Kg6 36. Rcc2 Rff3 37. Kf1 Rbd3 38. Rxd3 Rxd3 39. Ke2 Rb3 40.
Kd2 Kf6 41. Kc1 Rd3 42. Re2 a5 43. Kc2 Rf3 44. Rd2 Ke6 45. Kd1 Kd7 46. Ke2 Rb3
47. Kf1 Kc6 48. Kg2 Kc5 49. f4 gxf3+ 50. Kf2 b5 51. cxb5 Kxb5 52. Rc2 c5 53.
Rd2 Kc6 54. Rc2 a4 55. Rd2 c4 56. Rc2 Kc5 57. Rd2 Rd3 58. Rc2 Kd4 59. g4 hxg4
60. h5 Rb3 61. h6 Rb7 62. Kg3 Rh7 63. Rd2+ Kxe4 64. Rxd6 Kf5 65. Rc6 Re7 66.
Rxc4 e4 67. h7 Rxh7 68. Rc5+ Ke6 69. Kxg4 f2 70. Rc1 Rg7+ 0-1

[Event "Buer-Hassel - Rochade Rüttenscheid 1"]
[Site "?"]
[Date "2023.04.16"]
[Round "7.2"]
[White "Hammerich, Simon"]
[Black "Dorgarten, Armin"]
[Result "1-0"]
[WhiteElo "2021"]
[BlackElo "2062"]
[PlyCount "89"]
[SourceDate "2022.10.02"]

1. d4 c5 2. d5 e5 3. e4 d6 4. Bb5+ Nd7 5. c4 Be7 6. Nf3 a6 7. Ba4 Rb8 8. Nc3
Ngf6 9. O-O O-O 10. Qe2 Nb6 11. Bc2 Bg4 12. b3 g6 13. Bh6 Re8 14. h3 Bxf3 15.
Qxf3 Nh5 16. Qg4 Bf8 17. Bd2 Qd7 18. Rae1 Bg7 19. a4 Qxg4 20. hxg4 Nf6 21. g5
Nfd7 22. g3 Rf8 23. Kg2 f6 24. a5 Nc8 25. gxf6 Bxf6 26. f4 Ne7 27. Ne2 Kg7 28.
fxe5 dxe5 29. Rh1 Kg8 30. Be3 Nc8 31. Nc3 Bd8 32. Ra1 Be7 33. Na4 Bd6 34. Nb2
Be7 35. Nd3 Rf7 36. Bd1 h5 37. g4 b5 38. axb6 Rxb6 39. b4 Rxb4 40. Nxb4 cxb4
41. Rxa6 Kg7 42. gxh5 Nc5 43. Rxg6+ Kh7 44. Bxc5 Bxc5 45. Rc6 1-0

[Event "Buer-Hassel - Rochade Rüttenscheid 1"]
[Site "?"]
[Date "2023.04.16"]
[Round "7.3"]
[White "Kreitling, Oliver"]
[Black "Wiechen, Ulrich"]
[Result "0-1"]
[WhiteElo "1897"]
[BlackElo "2156"]
[PlyCount "74"]
[SourceDate "2022.10.02"]

1. d4 d5 2. c4 e6 3. Nc3 Nf6 4. Bg5 Nbd7 5. e3 c6 6. Nf3 Qa5 7. Nd2 Bb4 8. Qc2
Ne4 9. Ndxe4 dxe4 10. Bf4 O-O 11. Be2 e5 12. Bg3 f5 13. O-O exd4 14. exd4 f4
15. Nxe4 fxg3 16. fxg3 Be7 17. c5 Qd8 18. Bd3 Kh8 19. Qc4 Nf6 20. Rae1 Nxe4 21.
Rxf8+ Qxf8 22. Rxe4 Bf6 23. Rf4 Qg8 24. Qb4 a5 25. Qa4 Be6 26. Qd1 Bxa2 27. Qh5
Bf7 28. Qh3 Rd8 29. Qg4 Be6 30. Qf3 Bxd4+ 31. Kh1 Bd5 32. Qf1 Be3 33. Rh4 Qf8
34. Rxh7+ Kg8 35. Qe2 Qf2 36. Rxg7+ Kxg7 37. Qg4+ Kf8 0-1

[Event "Buer-Hassel - Rochade Rüttenscheid 1"]
[Site "?"]
[Date "2023.04.16"]
[Round "7.4"]
[White "Winzbeck, Frank"]
[Black "Furchtbar, Uwe"]
[Result "0-1"]
[WhiteElo "1867"]
[BlackElo "1908"]
[PlyCount "92"]
[SourceDate "2022.10.02"]

1. d4 d5 2. c4 dxc4 3. Nc3 a6 4. a4 Nc6 5. d5 Na5 6. e4 e6 7. Nf3 Bb4 8. Bg5
Ne7 9. dxe6 Qxd1+ 10. Rxd1 Bxe6 11. Nd4 Bd7 12. Bxe7 Kxe7 13. Nf5+ Bxf5 14.
exf5 Rhe8 15. g4 Kf6+ 16. Be2 b5 17. Kf1 Bxc3 18. bxc3 Rad8 19. axb5 axb5 20.
h4 Rxd1+ 21. Bxd1 Nb3 22. Rh3 Nc1 23. Rf3 h6 24. Rg3 Re5 25. Rf3 Nd3 26. Be2
Rd5 27. Re3 Nf4 28. Bf3 Rd3 29. Bc6 Rd1+ 30. Re1 Rxe1+ 31. Kxe1 Nd3+ 32. Ke2 b4
33. cxb4 Nxb4 34. Ba4 Ke5 35. Ke3 f6 36. f4+ Kd5 37. g5 Na6 38. Kf3 Nc5 39. Bc2
Nd3 40. Kg4 Ne1 41. Bb1 c3 42. gxh6 gxh6 43. Kh5 c2 44. Bxc2 Nxc2 45. Kxh6 Ne3
46. Kg6 Ke4 0-1

[Event "Buer-Hassel - Rochade Rüttenscheid 1"]
[Site "?"]
[Date "2023.04.16"]
[Round "7.5"]
[White "Storp, Thomas"]
[Black "Hirschberg, Markus"]
[Result "1-0"]
[WhiteElo "1858"]
[BlackElo "1837"]
[PlyCount "87"]
[SourceDate "2022.10.02"]

1. c4 Nf6 2. d4 g6 3. Nc3 Bg7 4. e4 d6 5. Nf3 O-O 6. Be2 h6 7. O-O Nbd7 8. Qc2
e5 9. dxe5 Nxe5 10. Nxe5 dxe5 11. Rd1 Nd7 12. Be3 c6 13. Qd2 h5 14. a3 Qc7 15.
Qd6 Qxd6 16. Rxd6 Re8 17. Rad1 Nf8 18. Rd8 Be6 19. Rxe8 Rxe8 20. Bxa7 Nd7 21.
Be3 Bf6 22. Na4 Be7 23. Nb6 Nc5 24. f3 Nb3 25. Na4 Kg7 26. Kf1 f5 27. exf5 gxf5
28. g3 h4 29. gxh4 Bxh4 30. Nc5 Nxc5 31. Bxc5 f4 32. b4 Bh3+ 33. Kg1 Kf7 34.
Bf1 Rg8+ 35. Kh1 Be6 36. a4 Rh8 37. a5 Kf6 38. b5 Ra8 39. Bb6 Ke7 40. a6 bxa6
41. bxa6 Ke8 42. a7 Be7 43. c5 Bd5 44. Rxd5 1-0

[Event "Buer-Hassel - Rochade Rüttenscheid 1"]
[Site "?"]
[Date "2023.04.16"]
[Round "7.6"]
[White "Gritzan, Ulrich"]
[Black "Koprek, Juergen"]
[Result "1-0"]
[WhiteElo "1894"]
[BlackElo "1843"]
[PlyCount "87"]
[SourceDate "2022.10.02"]

1. c4 e6 2. d4 d5 3. Nf3 Nf6 4. Nc3 Nbd7 5. Bg5 Be7 6. e3 c6 7. Bd3 O-O 8. O-O
dxc4 9. Bxc4 Nd5 10. Bxe7 Qxe7 11. Rc1 Nxc3 12. Rxc3 e5 13. d5 cxd5 14. Bxd5
Nb6 15. Bb3 Bg4 16. e4 Rac8 17. Qd3 Rxc3 18. Qxc3 Bxf3 19. Qxf3 Rd8 20. Rc1 Rd6
21. Rc5 Rd1+ 22. Qxd1 Qxc5 23. Qd8+ Qf8 24. Qc7 Qc8 25. Qxf7+ Kh8 26. h3 Qc1+
27. Kh2 Qf4+ 28. Qxf4 exf4 29. h4 Nd7 30. g3 fxg3+ 31. Kxg3 g6 32. Bd5 b6 33.
Kf4 Kg7 34. e5 Nc5 35. Ke3 Kf8 36. Kd4 Ke7 37. Bg8 h6 38. f4 Kf8 39. Bc4 Ke7
40. b4 Nb7 41. Bd3 Kf7 42. Kd5 Nd8 43. Kd6 Nb7+ 44. Kc7 1-0

[Event "Buer-Hassel - Rochade Rüttenscheid 1"]
[Site "?"]
[Date "2023.04.16"]
[Round "7.7"]
[White "Richters, Marc"]
[Black "Gill, Stephan"]
[Result "0-1"]
[WhiteElo "1915"]
[BlackElo "1815"]
[PlyCount "56"]
[SourceDate "2022.10.02"]

1. e4 c5 2. c3 Nf6 3. e5 Nd5 4. d4 cxd4 5. Nf3 Nc6 6. cxd4 e6 7. Nc3 Bb4 8. Bd2
O-O 9. a3 Nxc3 10. bxc3 Be7 11. Bd3 d6 12. exd6 Qxd6 13. Qe2 Rd8 14. Ng5 Bxg5
15. Bxg5 f6 16. Bh4 e5 17. O-O exd4 18. Qh5 h6 19. cxd4 Be6 20. Rfe1 Qxd4 21.
Rad1 Qg4 22. Qc5 Ne5 23. Qe7 Rd7 24. Qb4 Nf3+ 25. Kf1 Nxh2+ 26. Kg1 Nf3+ 27.
Kf1 Qxb4 28. axb4 Nxe1 0-1

[Event "Buer-Hassel - Rochade Rüttenscheid 1"]
[Site "?"]
[Date "2023.04.16"]
[Round "7.8"]
[White "Lazarev, Vadim"]
[Black "Busacker, Holger"]
[Result "1/2-1/2"]
[WhiteElo "1805"]
[BlackElo "1932"]
[PlyCount "86"]
[SourceDate "2022.10.02"]

1. e4 c5 2. Nc3 e6 3. g3 Nc6 4. Bg2 g6 5. Nge2 Bg7 6. d3 Nge7 7. Be3 d6 8. Qd2
a6 9. Bh6 O-O 10. h4 Bxh6 11. Qxh6 Kh8 12. h5 Ng8 13. Qd2 g5 14. h6 Rb8 15. Rh5
f6 16. f4 g4 17. f5 Qe8 18. Rh4 exf5 19. O-O-O Nge7 20. Nf4 Ng6 21. Rh2 Nd4 22.
Re1 Ne5 23. exf5 Bxf5 24. Rh5 Bg6 25. Rhh1 Qd8 26. Qf2 b5 27. Nce2 Ndf3 28. Ne6
Qa5 29. Nxf8 Rxf8 30. Bxf3 Nxf3 31. Ref1 Qxa2 32. Nc3 Qa1+ 33. Nb1 Bf7 34. c3
c4 35. b4 cxd3 36. Rd1 Bg6 37. Qb2 d2+ 38. Rxd2 Qxb1+ 39. Qxb1 Bxb1 40. Rxd6
Be4 41. Rxa6 Kg8 42. Rb6 Bd3 43. Rb7 Rf7 1/2-1/2

[Event "Rochade Steele/Kray 1 - Dortmunder SV 1"]
[Site "Verbandsklasse, Gr. 1 2022/20"]
[Date "2023.04.16"]
[Round "7"]
[White "Brockmann, Fabian"]
[Black "Greger, Helmut"]
[Result "1-0"]
[WhiteElo "1929"]
[BlackElo "1807"]
[PlyCount "31"]
[EventDate "2023.??.??"]
[SourceDate "2022.10.02"]
[WhiteTeam "Dortmunder SV 1"]
[BlackTeam "Rochade Steele/Kray 1"]

1. e4 g6 2. Nc3 Bg7 3. f4 d6 4. Nf3 Nf6 5. Be2 O-O 6. O-O c6 7. d3 Nbd7 8. Qe1
e5 9. f5 a6 10. Qh4 b5 11. Bh6 Qc7 12. Ng5 Bb7 13. Kh1 Nb6 14. fxg6 hxg6 15.
Rxf6 Bxf6 16. Bg7 1-0

[Event "Günnigfeld- Oberhausen"]
[Site "?"]
[Date "2023.04.16"]
[Round "7.1"]
[White "Puetter, Pascal"]
[Black "Freisen, Thomas"]
[Result "1/2-1/2"]
[WhiteElo "2002"]
[BlackElo "1942"]
[PlyCount "22"]
[SourceDate "2022.10.02"]

1. e4 c5 2. Nf3 e6 3. g3 Nc6 4. Bg2 Nf6 5. Nc3 d5 6. exd5 Nxd5 7. Nxd5 Qxd5 8.
O-O Be7 9. d4 Nxd4 10. Nxd4 Qxd4 11. Qe2 O-O 1/2-1/2

[Event "Günnigfeld- Oberhausen"]
[Site "?"]
[Date "2023.04.16"]
[Round "7.2"]
[White "Jaennekes, Oliver"]
[Black "Kyas, Jens"]
[Result "0-1"]
[WhiteElo "1933"]
[BlackElo "1629"]
[PlyCount "64"]
[SourceDate "2022.10.02"]

1. d4 f5 2. e4 fxe4 3. Nc3 Nf6 4. Bg5 g6 5. h4 h6 6. Bxf6 exf6 7. Qg4 Rg8 8.
Qxe4+ Qe7 9. Qxe7+ Bxe7 10. O-O-O c6 11. d5 d6 12. Bc4 c5 13. Nf3 Bg4 14. Rde1
Nd7 15. Nh2 Bf5 16. g4 Nb6 17. gxf5 Nxc4 18. b3 Ne5 19. f4 Nf7 20. Ng4 Kf8 21.
Ne3 g5 22. fxg5 fxg5 23. Ne4 Re8 24. Ng4 gxh4 25. Ngf6 Bxf6 26. Nxf6 Rxe1+ 27.
Rxe1 Rg5 28. Nh7+ Kg7 29. Nxg5 hxg5 30. Re6 h3 31. Re3 g4 32. Rg3 Ne5 0-1

[Event "Günnigfeld- Oberhausen"]
[Site "?"]
[Date "2023.04.16"]
[Round "7.3"]
[White "Heintze, Sven"]
[Black "Markus, Peter"]
[Result "0-1"]
[WhiteElo "1779"]
[BlackElo "1857"]
[PlyCount "52"]
[SourceDate "2022.10.02"]

1. d4 d5 2. Bf4 Nf6 3. e3 c5 4. c3 Nc6 5. Bd3 Qb6 6. Qb3 c4 7. Qxb6 axb6 8. Bc2
b5 9. Nd2 b4 10. Ngf3 b3 11. Bb1 b5 12. a3 b4 13. cxb4 Nxb4 14. O-O c3 15. Nxb3
cxb2 16. axb4 bxa1=Q 17. Nxa1 Rxa1 18. Ne5 Nd7 19. b5 Nxe5 20. Bxe5 e6 21. Bd3
Rxf1+ 22. Kxf1 f6 23. Bc7 Kd7 24. b6 Bb7 25. Bb5+ Bc6 26. Ba6 Bd6 0-1

[Event "Günnigfeld- Oberhausen"]
[Site "?"]
[Date "2023.04.16"]
[Round "7.4"]
[White "Radi, Guenter"]
[Black "Kuckelkorn, Joerg"]
[Result "1/2-1/2"]
[WhiteElo "1901"]
[BlackElo "1820"]
[PlyCount "70"]
[SourceDate "2022.10.02"]

1. d4 f5 2. c4 Nf6 3. Nc3 g6 4. Nf3 Bg7 5. Bf4 d6 6. Qd2 O-O 7. Bh6 Nc6 8. Bxg7
Kxg7 9. e3 e5 10. d5 Ne7 11. O-O-O a6 12. h3 Bd7 13. Nh2 Qe8 14. f3 b5 15. Bd3
b4 16. Ne2 a5 17. e4 f4 18. Ng4 h5 19. Nxf6 Rxf6 20. Kb1 c5 21. Rdf1 h4 22. Nc1
a4 23. Qf2 g5 24. Be2 Rh6 25. Nd3 Qc8 26. Rc1 Qc7 27. Rhd1 Qa5 28. Bf1 Nc8 29.
Rd2 Nb6 30. Ne1 Rhh8 31. Bd3 Ra7 32. Qe2 Raa8 33. Ka1 Ra7 34. Kb1 Raa8 35. Ka1
Ra7 1/2-1/2

[Event "Günnigfeld- Oberhausen"]
[Site "?"]
[Date "2023.04.16"]
[Round "7.5"]
[White "Hortolani, Holger"]
[Black "Bender, Markus"]
[Result "1-0"]
[WhiteElo "2135"]
[BlackElo "1849"]
[PlyCount "87"]
[SourceDate "2022.10.02"]

1. Nf3 d5 2. g3 Bf5 3. Bg2 Nc6 4. d4 Qd7 5. Bf4 f6 6. h4 h5 7. c3 Nh6 8. Nbd2
e6 9. O-O Be7 10. Re1 Nf7 11. e4 Bg4 12. exd5 exd5 13. Qb3 O-O-O 14. c4 g5 15.
cxd5 Nxd4 16. Nxd4 gxf4 17. Nc6 Bc5 18. Ne4 Bb6 19. Nxf6 Qd6 20. Ne4 Qh6 21.
Nxd8 Rxd8 22. a4 Nd6 23. a5 Bd4 24. Ra4 Be5 25. Ng5 Qf6 26. Ne4 Qg7 27. Nxd6+
Bxd6 28. a6 b6 29. Rae4 fxg3 30. fxg3 Bd7 31. Kh2 Rg8 32. R1e3 Bc5 33. Rf3 Qg6
34. Qd3 Bd6 35. Bh3 Bxh3 36. Kxh3 Qg7 37. Qc3 Qd7+ 38. Re6 Bc5 39. Qe5 Bd6 40.
Qxh5 Qa4 41. Rxd6 cxd6 42. Qf7 Qg4+ 43. Kg2 Kd8 44. Qxa7 1-0

[Event "Günnigfeld- Oberhausen"]
[Site "?"]
[Date "2023.04.16"]
[Round "7.6"]
[White "Bauer, Matthias"]
[Black "Barutta, Larissa"]
[Result "1-0"]
[WhiteElo "1623"]
[BlackElo "1595"]
[PlyCount "61"]
[SourceDate "2022.10.02"]

1. d4 d5 2. f4 Bf5 3. e3 Nf6 4. Nf3 e6 5. Bd3 Ne4 6. O-O Be7 7. c3 Nd7 8. Ne5
h5 9. Qc2 c6 10. Nd2 Ndf6 11. b3 Nxd2 12. Bxd2 Ne4 13. Be1 a6 14. b4 f6 15. Nf3
Kd7 16. Nd2 Nd6 17. e4 dxe4 18. Nxe4 Bxe4 19. Bxe4 Nxe4 20. Qxe4 f5 21. Qe2 g5
22. Bd2 g4 23. Rae1 Qg8 24. c4 Re8 25. Bc3 Rh6 26. Qd3 Qf7 27. a4 b6 28. b5 a5
29. c5 Bd8 30. bxc6+ Kc8 31. Qa6+ 1-0

[Event "Günnigfeld- Oberhausen"]
[Site "?"]
[Date "2023.04.16"]
[Round "7.7"]
[White "Schulz, Marcus"]
[Black "Kampmann, Marcel"]
[Result "1/2-1/2"]
[WhiteElo "1670"]
[BlackElo "1566"]
[PlyCount "63"]
[SourceDate "2022.10.02"]

1. d4 Nf6 2. Nf3 g6 3. e3 Bg7 4. b3 O-O 5. Bb2 d6 6. Bd3 Nbd7 7. O-O Re8 8.
Nbd2 e5 9. dxe5 dxe5 10. e4 b6 11. Re1 Bb7 12. Bb5 a6 13. Bxd7 Nxd7 14. Nc4 Nc5
15. Nfd2 a5 16. f3 b5 17. Ne3 c6 18. Qe2 Qb6 19. Qf2 Ne6 20. Ng4 Qxf2+ 21. Kxf2
Nd4 22. Bxd4 exd4 23. e5 c5 24. Ne4 Bxe4 25. Rxe4 Re6 26. Rae1 h5 27. Nf6+ Bxf6
28. exf6 Raa6 29. Re5 Rac6 30. Rd5 a4 31. Ree5 axb3 32. axb3 1/2-1/2

[Event "Günnigfeld- Oberhausen"]
[Site "?"]
[Date "2023.04.16"]
[Round "7.8"]
[White "Evers, Klaus"]
[Black "Papernyi, Vsevolod"]
[Result "0-1"]
[WhiteElo "1620"]
[BlackElo "1260"]
[PlyCount "46"]
[SourceDate "2022.10.02"]

1. d4 d5 2. c4 e6 3. g3 dxc4 4. Qa4+ Nd7 5. Bg2 c5 6. Nf3 cxd4 7. Nxd4 Ngf6 8.
O-O a6 9. Nc3 Bc5 10. Qxc4 O-O 11. b4 Ba7 12. Nb3 Ne5 13. Qf4 Qc7 14. Ba3 Bb8
15. b5 Rd8 16. Qb4 Qc4 17. Rad1 Nfd7 18. Qe7 Bc7 19. bxa6 Nc6 20. axb7 Bxb7 21.
Bxc6 Qxc6 22. f3 Ne5 23. Qc5 Bb6 0-1

[Event "Welper 2- Mengede"]
[Site "?"]
[Date "2023.04.16"]
[Round "7.1"]
[White "Borgschulze, Maik"]
[Black "Marx, Patrick"]
[Result "1/2-1/2"]
[WhiteElo "2120"]
[BlackElo "1963"]
[PlyCount "71"]
[SourceDate "2022.10.02"]

1. d4 d5 2. c4 c6 3. Nc3 Nf6 4. e3 e6 5. Nf3 Be7 6. Bd3 dxc4 7. Bxc4 b5 8. Bd3
a6 9. O-O Nbd7 10. e4 Bb7 11. e5 Nd5 12. Ne4 h6 13. Re1 c5 14. Nd6+ Bxd6 15.
exd6 Qb6 16. Ne5 Qxd6 17. dxc5 Nxc5 18. Qh5 Qe7 19. Nxf7 Nxd3 20. Ne5+ Kd8 21.
Nxd3 Rf8 22. Qg4 Rf5 23. Bd2 Rc8 24. Rac1 Rxc1 25. Rxc1 Nf6 26. Qe2 Qd6 27. Be3
Nd7 28. b4 Ke8 29. f3 Kf7 30. Rd1 Rd5 31. Bf4 Qb6+ 32. Kf1 Kg8 33. Ne5 Nxe5 34.
Bxe5 Rxd1+ 35. Qxd1 Bd5 36. Bd4 1/2-1/2

[Event "Welper 2- Mengede"]
[Site "?"]
[Date "2023.04.16"]
[Round "7.2"]
[White "Sharma, Danesh"]
[Black "Delvos, Thorsten"]
[Result "1-0"]
[WhiteElo "2065"]
[BlackElo "2000"]
[PlyCount "50"]
[SourceDate "2022.10.02"]

1. e4 c5 2. c3 Nf6 3. e5 Nd5 4. Nf3 Nc6 5. Na3 d6 6. Bb5 e6 7. Nc4 Nf4 8. d4
Ng6 9. dxc5 dxe5 10. Qxd8+ Kxd8 11. Bxc6 bxc6 12. Ncxe5 Nxe5 13. Nxe5 Ke8 14.
Be3 f6 15. Nxc6 Bb7 16. Nd4 Bxg2 17. Rg1 Bd5 18. Nb5 Kd7 19. O-O-O Kc6 20. Nd4+
Kb7 21. b3 Rc8 22. c4 Bxc5 23. Rxg7+ Ka8 24. Kb2 Bb7 25. Nxe6 Ba3+ 1-0

[Event "Welper 2- Mengede"]
[Site "?"]
[Date "2023.04.16"]
[Round "7.3"]
[White "Weinert, Christian"]
[Black "Teich, Udo"]
[Result "1/2-1/2"]
[WhiteElo "1943"]
[BlackElo "1996"]
[PlyCount "100"]
[SourceDate "2022.10.02"]

1. Nf3 Nf6 2. c4 e6 3. g3 b6 4. Bg2 Bb7 5. O-O c5 6. e3 d6 7. d4 Nbd7 8. Nc3 a6
9. Qe2 Be7 10. e4 cxd4 11. Nxd4 Rc8 12. Bd2 Qc7 13. b3 O-O 14. Rac1 Rfe8 15. f4
Qb8 16. g4 Nf8 17. g5 N6d7 18. Qf2 g6 19. f5 Ne5 20. Nxe6 Nxe6 21. fxe6 fxe6
22. Qxb6 Bf8 23. Bf4 Nd3 24. Rcd1 Nxf4 25. Rxf4 d5 26. Rxf8+ Kxf8 27. Rf1+ Kg8
28. exd5 exd5 29. Nxd5 Kh8 30. Qf6+ Kg8 31. Qf7+ Kh8 32. Nf6 Qa7+ 33. c5 Qxc5+
34. Kh1 Bxg2+ 35. Kxg2 Qxg5+ 36. Kh1 Qh4 37. Nxe8 Qe4+ 38. Qf3 Rxe8 39. Qxe4
Rxe4 40. Kg2 Kg7 41. Kf3 Re5 42. Rc1 Re6 43. Rc7+ Kh6 44. Rb7 g5 45. b4 Kg6 46.
a4 h5 47. a5 Rf6+ 48. Kg3 Rf4 49. h3 Rc4 50. Rb6+ Kf5 1/2-1/2

[Event "Welper 2- Mengede"]
[Site "?"]
[Date "2023.04.16"]
[Round "7.4"]
[White "Leimkuehler, Dirk"]
[Black "Bork, Sophie"]
[Result "1/2-1/2"]
[WhiteElo "1842"]
[BlackElo "1815"]
[PlyCount "47"]
[SourceDate "2022.10.02"]

1. f4 d5 2. Nf3 Nf6 3. g3 Bg4 4. Bg2 Nbd7 5. d3 c6 6. h3 Bxf3 7. Bxf3 Qc7 8.
Nc3 e5 9. e4 dxe4 10. Nxe4 Nxe4 11. Bxe4 O-O-O 12. Be3 exf4 13. Bxf4 Bd6 14.
Qd2 g6 15. O-O-O Bxf4 16. Qxf4 Qxf4+ 17. gxf4 Nf6 18. Rde1 Nh5 19. f5 Rde8 20.
Rhf1 Ng3 21. Rf3 Nxe4 22. Rxe4 Rxe4 23. dxe4 g5 24. Kd2 1/2-1/2

[Event "Welper 2- Mengede"]
[Site "?"]
[Date "2023.04.16"]
[Round "7.5"]
[White "Kraus, Reinhard"]
[Black "Sharma, Rakesh"]
[Result "1/2-1/2"]
[WhiteElo "1776"]
[BlackElo "1843"]
[PlyCount "72"]
[SourceDate "2022.10.02"]

1. e4 c6 2. c4 d5 3. cxd5 cxd5 4. Qa4+ Bd7 5. Qb3 Qb6 6. Qxb6 axb6 7. exd5 Nf6
8. Nc3 Na6 9. Bc4 Nb4 10. Ke2 Nc2 11. Rb1 Nd4+ 12. Ke1 b5 13. Bd3 b4 14. Nge2
Nxe2 15. Nxe2 Nxd5 16. Bc4 Nb6 17. d3 Nxc4 18. dxc4 Rxa2 19. b3 Bf5 20. Rb2 Ra1
21. f4 g6 22. Kf2 Bg7 23. Rd2 Rb1 24. Rhd1 O-O 25. Rd8 e5 26. fxe5 Bxe5 27. Bh6
Bg7 28. Rxf8+ Kxf8 29. Bxg7+ Kxg7 30. Rxb1 Bxb1 31. Ke3 Bc2 32. Nd4 Bb1 33. c5
Kf6 34. Nf3 Bc2 35. Nd4 Bb1 36. Nf3 Bc2 1/2-1/2

[Event "Welper 2- Mengede"]
[Site "?"]
[Date "2023.04.16"]
[Round "7.6"]
[White "Heidt, Viktor"]
[Black "Echargui, Amin"]
[Result "1/2-1/2"]
[WhiteElo "1670"]
[BlackElo "1776"]
[PlyCount "89"]
[SourceDate "2022.10.02"]

1. c4 e5 2. Nc3 Nf6 3. Nf3 Nc6 4. e3 Bb4 5. Qc2 O-O 6. Nd5 a5 7. a3 Be7 8. Ng5
g6 9. Nxe7+ Qxe7 10. d3 d6 11. Be2 Bf5 12. O-O e4 13. dxe4 Nxe4 14. Nxe4 Qxe4
15. Qxe4 Bxe4 16. Bd2 Ne5 17. Bc3 Bd3 18. Bxd3 Nxd3 19. Rfd1 Nc5 20. b4 axb4
21. axb4 Ne6 22. Kf1 Rfb8 23. Rxa8 Rxa8 24. Ra1 Rxa1+ 25. Bxa1 Kf8 26. Ke2 Ke7
27. Kd3 Kd7 28. g3 Kc6 29. e4 b5 30. f4 f5 31. exf5 bxc4+ 32. Kxc4 d5+ 33. Kd3
gxf5 34. Bc3 Kb5 35. h3 h5 36. Bd2 c5 37. bxc5 Kxc5 38. g4 fxg4 39. hxg4 hxg4
40. f5 Ng7 41. f6 Ne6 42. f7 Kd6 43. Bb4+ Ke5 44. f8=Q Nxf8 45. Bxf8 1/2-1/2

[Event "Welper 2- Mengede"]
[Site "?"]
[Date "2023.04.16"]
[Round "7.7"]
[White "Ropel, Dennis"]
[Black "Nuernberger, David"]
[Result "0-1"]
[WhiteElo "1743"]
[BlackElo "1490"]
[PlyCount "74"]
[SourceDate "2022.10.02"]

1. d4 Nf6 2. Nf3 e6 3. Bf4 c5 4. c3 Nc6 5. e3 d5 6. Nbd2 Bd6 7. Bg3 O-O 8. Bd3
a5 9. a4 b6 10. O-O Bxg3 11. hxg3 Ba6 12. Bxa6 Rxa6 13. Qe2 Ra8 14. Rfd1 cxd4
15. exd4 Qc7 16. Ne5 Nxe5 17. dxe5 Nd7 18. f4 Nc5 19. Qb5 Rfc8 20. b4 Nb7 21.
Rdc1 Qc6 22. Qxc6 Rxc6 23. b5 Rc7 24. Nf3 Rac8 25. Ra3 Nc5 26. Nd4 Ne4 27. Nc6
Nxg3 28. Kf2 Nf5 29. c4 Ne7 30. cxd5 Nxd5 31. Kf3 Kf8 32. Ke4 Nb4 33. Rh1 Nxc6
34. bxc6 h6 35. f5 exf5+ 36. Kxf5 Rxc6 37. Rb3 Rc4 0-1

[Event "Welper 2- Mengede"]
[Site "?"]
[Date "2023.04.16"]
[Round "7.8"]
[White "Wallhof, Dieter"]
[Black "Schmidt, Jonas"]
[Result "1-0"]
[WhiteElo "1902"]
[BlackElo "1728"]
[PlyCount "87"]
[SourceDate "2022.10.02"]

1. e4 c6 2. c4 d5 3. exd5 cxd5 4. d4 Nc6 5. Nc3 e6 6. Nf3 g6 7. Bg5 f6 8. cxd5
exd5 9. Be3 Bg7 10. Bd3 Nge7 11. O-O O-O 12. h3 Be6 13. Rc1 Qd7 14. Re1 Nf5 15.
Bxf5 Bxf5 16. Nh2 Rae8 17. a3 h6 18. b4 g5 19. Qb3 Be6 20. Na4 b6 21. Qd1 f5
22. f3 Nxd4 23. Nxb6 Nxf3+ 24. Nxf3 axb6 25. Bxb6 f4 26. Nd4 Bxh3 27. Rxe8 Rxe8
28. Qh5 Bg4 29. Qg6 Qf7 30. Qd3 Re3 31. Qf1 Rxa3 32. Nf3 Bxf3 33. gxf3 Ra8 34.
Qd3 Qe6 35. Bf2 Rb8 36. b5 h5 37. Rc6 Qf7 38. b6 Qb7 39. Qxd5+ Kh8 40. Qe6 Qa6
41. Kg2 Qa8 42. Qe4 Re8 43. b7 Qb8 44. Qxe8+ 1-0